| 000 | 00414nam a2200157 a 4500 | ||
|---|---|---|---|
| 005 | 20140412111348.0 | ||
| 008 | 050421s19uu xx 00 eng d | ||
| 050 |
_aER _bPu96 |
||
| 245 | _aPlayful, puppies and pussies. | ||
| 260 |
_aTokyo : _bFroebel-kan co., ltd. |
||
| 300 | _a1 v. (unp.) ; ill. | ||
| 440 | _aA picture book of | ||
| 650 |
_aAnimals _xFiction |
||
| 650 | _aChildren stories | ||
| 999 |
_c105231 _d105231 |
||